000 00451cam a2200181ua 4500
020 _a0 07 000657 1
_c$7.95
041 _aeng
_h
082 _a515.9
_bAHL/CO
100 _aAhlfors, Lars V.
245 _aComplex variable /
_cLars V Ahlfors.
_hTextual Documents
250 _a3 /
_b.
260 _aNew York :
_bMcGraw Hill Book Company ,
_c1979.
300 _a330 ; .
365 _a$7.95
504 _a
942 _cBK
999 _c2932
_d2932